Statistics for Which fruit is this? -easy

Click here to take the quiz!

General Stats

  • This quiz has been taken 16 times
  • The average score is 13 of 15

Answer Stats

Answer% Correct
Apple
100%
Banana
100%
Cherry
100%
Grape
100%
Lemon
100%
Orange
100%
Peach
100%
Pineapple
100%
Strawberry
100%
Tomato
100%
Raspberry
93%
Blackberry
86%
Pomegranate
79%
Nectarine
64%
Currant
21%

Score Distribution

Percentile by Number Answered

Percent of People with Each Score

Your Score History

You have not taken this quiz